La Guerra de la Restauración / (Registro nro. 7675)
[ vista simple ]
| 000 -LIDER | |
|---|---|
| fixed length control field | 00824nam a2200253 a 4500 |
| 003 - IDENTIFICACDOR DE NÚMERO DE CONTROL | |
| control field | DO-SdBNP |
| 005 - DATE AND TIME OF LATEST TRANSACTION | |
| control field | 20220718132654.0 |
| 007 - CAMPOS FIJOS DE DESCRIPCIÓN FÍSICA | |
| fixed length control field | 000027598 |
| 008 - ELEMENTOS DE LONGITUD FIJA | |
| fixed length control field | 110401s2007 dr 000 0 spa d |
| 040 ## - FUENTE DE CATALOGACIÓN | |
| Agencia que crea de manera original el registro | BPMSU |
| Idioma de catalogación | spa |
| Agencia que realiza la transcripción | BPMSU |
| 092 ## - LOCALLY ASSIGNED DEWEY DECIMAL CALL NUMBER | |
| Número de clasificación | 972.9304 |
| Número de ítem (Cutter) | B742g, 2007 |
| Número de edición | 22 |
| 100 1# - ASIENTO PRINCIPAL -- NOMBRE PERSONAL | |
| Nombre personal | Bosch, Juan, |
| Fechas asociadas con el nombre | 1909-2001. |
| 9 (RLIN) | 1 |
| 245 13 - MENCIÓN DE TITULO | |
| Título | La Guerra de la Restauración / |
| Mención de responsabilidad | Juan Bosch. |
| 246 13 - VARIACION DEL TÍTULO | |
| Título propiamente dicho o título corto | La Guerra de la Restauración y la Revolución de Abril |
| 250 ## - MENCIÓN DE EDICION | |
| Mención de edición | 8a ed. |
| 260 ## - PUBLICACIÓN, DISTRIBUCIÓN, ETC. (PIE DE IMPRENTA) | |
| Lugar de publicación, distribución, etc | Santo Domingo : |
| Nombre del editor, distribuidor, etc. | Alfa y Omega, |
| Fecha de publicación, distribución, etc | 2007 |
| 300 ## - DESCRIPCIÓN FÍSICA | |
| Extensión | 261 p. ; |
| Dimensiones | 21 cm. |
| 590 ## - NOTA LOCAL | |
| Enlace | Inventariado, 2021/VM |
| 651 #4 - ENCABEZAMIENTO DE MATERIA--NOMBRE GEOGRÁFICO | |
| Nombre geográfico | República Dominicana |
| Subdivisión temática general | Historia |
| 651 #4 - ENCABEZAMIENTO DE MATERIA--NOMBRE GEOGRÁFICO | |
| Nombre geográfico | República Dominicana |
| Subdivisión temática general | Restauración |
| Subdivisión cronológica | 1863-1865 |
| 651 #4 - ENCABEZAMIENTO DE MATERIA--NOMBRE GEOGRÁFICO | |
| Nombre geográfico | República Dominicana |
| Subdivisión temática general | Historia |
| -- | Ocupación norteamericana |
| Subdivisión cronológica | 1965-1966 |
| 910 ## - VALIDACIÓN | |
| Validación | VMateo V. |
| 942 ## - ADDED ENTRY ELEMENTS (KOHA) | |
| Source of classification or shelving scheme | Dewey Decimal Classification |
| Koha item type | Libros |
| Withdrawn status | Lost status | Source of classification or shelving scheme | Damaged status | Not for loan | Collection code | Home library | Current library | Date acquired | Source of acquisition | Full call number | Barcode | Date last seen | Price effective from | Koha item type | Total Checkouts | Copy number |
|---|---|---|---|---|---|---|---|---|---|---|---|---|---|---|---|---|
| Dewey Decimal Classification | Colección Dominicana | Biblioteca Pública Metropolitana Salomé Ureña | Biblioteca Pública Metropolitana Salomé Ureña | 04/21/2015 | FUNDI | BPMSU CD 972.9304 B742g 2007 | BPMSU15040375 | 04/21/2015 | 04/21/2015 | Libros | ||||||
| Dewey Decimal Classification | Colección Dominicana | Biblioteca Pública Metropolitana Salomé Ureña | Biblioteca Pública Metropolitana Salomé Ureña | 04/21/2015 | FUNDI | BPMSU CD 972.9304 B742g 2007 | BPMSU21100133 | 10/20/2021 | 04/21/2015 | Libros | e.2 |